000 00543nam a2200193Ia 4500
003 LDD
008 190117s9999 xx 000 0 und d
020 _c₹65
040 _cLDD
041 _ahi
082 _a8H3.7 य 6925 झूं-7
100 _aयशपाल
245 0 _aझूठा सच भाग1
_cयशपाल
246 _aJhutha sach bhag 1
_b वतन और देश
250 _a7 सं.
260 _aइलाहाबाद
_bलोकभारती
_c1985
300 _a460प्र.
942 _2ddc
_cH
999 _c167565
_d167565